| 000 | 00451nam a22001697a 4500 | ||
|---|---|---|---|
| 005 | 20260421114503.0 | ||
| 008 | 260421b |||||||| |||| 00| 0 eng d | ||
| 020 | _qhbk | ||
| 082 | _a348.7323 UNI.15 | ||
| 245 | _aUnited states code service: Commerce and trade 1-3 title 15 USCS | ||
| 250 | _aLawyers | ||
| 260 |
_aCharlottesville: _bLexis, _c2001. |
||
| 300 |
_axxvii,737p. _c:24cm. |
||
| 650 | _aCommerce | ||
| 650 | _aTrade | ||
| 942 | _cENGLISH | ||
| 999 |
_c619660 _d619660 |
||